| 000 | 01060nac a22002531u 4500 | ||
|---|---|---|---|
| 010 | _a2004062038 | ||
| 020 | _a0471692646 (pbk.) | ||
| 082 | 0 | 0 |
_a005.133 _bKOF |
| 090 |
_c523 _d523 |
||
| 100 | _aKoffman, Elliot B. | ||
| 245 | 1 | 0 |
_aObjects, abstraction, data structures, and design using Java, version 5.0 / _cElliot B. Koffman, Paul A.T. Wolfgang. |
| 246 | 3 | 0 | _aData structures |
| 260 |
_aHoboken, NJ : _bJohn Wiley,2005 _c2005. |
||
| 300 |
_axxxi, 848 p. : _bill. ; _c24 cm. |
||
| 650 | 0 | _aData structures (Computer science) | |
| 650 | 0 | _aObject-oriented programming (Computer science) | |
| 650 | 0 | _aApplication program interfaces (Computer software) | |
| 650 | 0 | _aJava (Computer program language) | |
| 700 | 1 | _aWolfgang, Paul A. T. | |
| 856 | 4 | 1 |
_3Table of contents _uhttp://www.loc.gov/catdir/toc/wiley051/2004062038.html |
| 856 | 4 | 1 |
_3Publisher description _uhttp://www.loc.gov/catdir/enhancements/fy0619/2004062038-d.html |
| 942 |
_cBB _k005.133KOF |
||
| 999 |
_c523 _d523 |
||